000 00862cab a2200277 4500
001 ABS60113
008 090401t1999 xxu||||| |||| 00| 0 eng d
035 _a(Sirsi) u91303
041 _aeng
100 _aGunde, L.
245 _aHow EMU will impact on the property market
260 _c1999
350 _a0
490 _aProperty Forecast
_v2(2) February 1999, 2-3(2)
520 _aDiscusses the ways in which the Euro will affect the UK property market, including the results of low inflation, securitisation and Euro mortgages.
650 _aEURO MORTGAGES
650 _aEURO
650 _aINFLATION
650 _aPROPERTY FINANCE
650 _aPROPERTY MARKET
650 _aSECURITISATION
650 _aSINGLE EUROPEAN CURRENCY
690 _aPROPERTY-COMMERCIAL PROPERTY-COMMERCIAL PROPERTY MARKET
942 _n0
948 _c12/02/1999
999 _c57947
_d57947